000 00694nam a22002297a 4500
001 5693
003 FISKH
005 20250123104750.0
008 250114b cb ||||| |||| 00| 0 eng d
020 _a9789810193928
040 _aFISKH
_beng
_cFISKH
_dFISKH
050 _aPZ7
082 _a900
100 _aMoi, Kho Ee
245 _aThe living past :
_bHistory of ancient India, China and southeast Asia ( workbook) /
_cby Kho Ee Moi and Doreen Tan
250 _aFirst published 2006
260 _aNew York :
_bMarshall Cavendish Education ,
_c2006.
300 _a121 pages :
_bcolor illustrations ;
_c28 cm .
700 _aTan, Doreen
_eauthor
942 _2ddc
_cBK
_n0
999 _c5693
_d5693